Score 0/18 Timer 03:00
0 Plays Today
Movie Missing Word % Correct
_____ the Last DanceSave
91.9%
Mr & Mrs. _____Smith
90.7%
30,000 _____ Under the SeaLeagues
89.3%
The Last _____ of ScotlandKing
84.2%
_____ UnchainedDjango
77.9%
Fantastic _____Four
66%
_____ and ChildMother
64.8%
I Think I Love My _____Wife
47%
_____ at St. AnnaMiracle
25.4%
Movie Missing Word % Correct
A _____ WordsThousand
17%
_____ TerraceLakeview
15.1%
Our _____Song
13.1%
Little _____Man
11.7%
The United States of _____Leland
11.2%
Bad _____Company
10.8%
_____ Catches UsNight
7.4%
Life is Hot in _____Cracktown
6.4%
The _____ GirlDead
6%

Today's Daily Dose

Remove Ads.
Support Sporcle.
Get the best of Sporcle when you Go Orange. This ad-free experience offers more features, more stats, and more fun while also helping to support Sporcle. Thank you for becoming a member.

You're not logged in!

Compare scores with friends on all Sporcle quizzes.
OR
Log In

Show Comments

Extras

Top Quizzes Today


Score Distribution

Your Account Isn't Verified!

In order to create a playlist on Sporcle, you need to verify the email address you used during registration. Go to your Sporcle Settings to finish the process.

Report this User

Report this user for behavior that violates our Community Guidelines.

Details: